| 000 | 00574nam a2200181 a 4500 | ||
|---|---|---|---|
| 001 | 000033793 | ||
| 005 | 20200930070525.0 | ||
| 008 | 110912s1889 es 000 0 spa d | ||
| 040 |
_aDO-SdBNP _bspa _cBNPHU |
||
| 100 | 1 |
_aCappa, Ricardo _959214 |
|
| 245 | 1 | 0 |
_aEstudios críticos acerca de la dominacion española en América / _cRicardo Cappa _nParte primera |
| 250 | _a3a ed. | ||
| 260 |
_aMadrid : _bImp. del Asilo de Huérfanos, _c1889. |
||
| 300 |
_a439 p. ; _c17 cm. |
||
| 500 | _aIncluye índice | ||
| 505 | 2 | _tParte primera, Colón y los españoles | |
| 049 | _aBNPD | ||
| 999 |
_c33284 _d33284 |
||